1105 1243 1068 1309 1946 1017 1162 1619 1113 1487 1847 1726 1977 1783 1467 1091 1807 1456 1083 1134 1958 1253 1277 1541 1993 1370 1778 1320 1553 1587 1824 1593 1014 1506 1815 1127 1792 1892 1252 1460 1460 1082 1926 1992 1506 1498 1258 1960 1140 1370 1105 1727 1878 1967 1051 1373 1256 1749 1859 1659 1319 1695 1248 1850 1119 1343 1718 1122 1689 1724 1516 1251 1553 1954 1741 1777 1770 1637 1125 1406 1707 1471 1819 1018 1683 1248 1839 1972 1500 1804 1538 1300 1051 1326 1424 1423 1481 1554 1487 BCNSPRNW ULIB Ver.6.0+V

เปลี่ยนเป็นภาษาไทย

Change to English
 แสดงรายละเอียดบรรณานุกรม
  กลับหน้าหลัก

Brief Record : Get Marc (ISO 2709) : E-mail record : QR code < ปิดหน้าต่าง
LEADER : 00000nam 2200000uu 4500
001    13399126647
003     ULIB
008    190130s2560||||th 000 0 tha d
020    ^a9786164072565
060    ^aWO925^bพ997ก
100    ^aไพศาล เวชชพิพัฒน์
245    ^aกุมารศัลยศาสตร์พื้นฐาน BASIC PEDIATRIC SURGERY/^cไพศาล เวชชพิพัฒน์
250    ^aพิมพ์ครั้งที่ 1
260    ^aกรุงเทพฯ :^bเท็กซ์ แอนด์ เจอร์นัล พับลิเคชั่น,^c2560
300    ^a233 หน้า:^bภาพประกอบ,^c26ซม.
650    ^aกุมารศัลยศาสตร์
650    ^aศัลยศาสตร์
945    ^p350^l0^i26914
945    ^p350^l0^i26913
945    ^p350^l0^i26912
945    ^p350^l0^i26911
999    ^aกัณชพร จุลอักษร
รายการนี้ยังไม่มีแท็ก
คุณยังไม่ได้ล็อกอิน คุณสามารถมีกิจกรรมร่วมกับเว็บไซต์ได้ แต่ต้องล็อกอินก่อน ::
  ล็อกอิน

รายการสื่อสารสนเทศ

ลำดับที่ ประเภท เลขเรียก/บาร์โค้ด สถานที่ สถานะ
1. หนังสือสำรอง
หนังสือสำรอง
WO925 พ997ก ฉ.1 
  Barcode: 26911
ห้องสมุดวิทยาเขตนครสวรรค์
►หนังสือทั่วไป:l:General Books
บนชั้น
2. วิทยาศาสตร์การแพทย์ และสุขภาพ
วิทยาศาสตร์การแพทย์ และสุขภาพ
WO925 พ997ก ฉ.2 
  Barcode: 26912
ห้องสมุดวิทยาเขตนครสวรรค์
►หนังสือทั่วไป:l:General Books
บนชั้น
3. วิทยาศาสตร์การแพทย์ และสุขภาพ
วิทยาศาสตร์การแพทย์ และสุขภาพ
WO925 พ997ก ฉ.3 
  Barcode: 26913
ห้องสมุดวิทยาเขตนครสวรรค์
►หนังสือทั่วไป:l:General Books
บนชั้น
4. วิทยาศาสตร์การแพทย์ และสุขภาพ
วิทยาศาสตร์การแพทย์ และสุขภาพ
WO925 พ997ก ฉ.4 
  Barcode: 26914
ห้องสมุดวิทยาเขตนครสวรรค์
►หนังสือทั่วไป:l:General Books
บนชั้น

รายการใกล้เคียง
    ผู้แต่ง [ไพศาล เวชชพิพัฒน์]

    หัวเรื่อง [กุมารศัลยศาสตร์]
    หัวเรื่อง [ศัลยศาสตร์]

BibComment


ยังไม่เคยถูกคอมเมนท์

คอมเมนท์ทรัพยากรรายการนี้
  คอมเมนท์: กุมารศัลยศาสตร์พ..


 Copyright 2026. Bcnsprnw @Library